F1 2023 Winner - Statistiques

Statistiques générales
  • Ce quiz a été pris 1 298 fois
  • Le résultat moyen est 22 sur 22
Statistiques - réponses
Hint Réponse % Correct
Barhain Max Verstappen
100%
Australia Max Verstappen
100%
Miami Max Verstappen
100%
Monaco Max Verstappen
100%
Spain Max Verstappen
100%
Canada Max Verstappen
100%
Austria Max Verstappen
100%
Great Britain Max Verstappen
100%
Hungary Max Verstappen
100%
Belgium Max Verstappen
100%
Netherlands Max Verstappen
100%
Italy Max Verstappen
100%
Japan Max Verstappen
100%
Qatar Max Verstappen
100%
United States Max Verstappen
100%
Mexico Max Verstappen
100%
Brazil Max Verstappen
100%
Las Vegas Max Verstappen
100%
Abu Dhabi Max Verstappen
100%
Saudi Arabia Sergio Perez
94%
Azerbaijan Sergio Perez
94%
Singapore Carlos Sainz
93%
Aucun quiz correspondant
Distribution des résultats
% des personnes avec chaque résultat
Percentile par nombre de réponses
Votre historique - résultats
Vous n’avez pas pris ce quiz